00000000nam##2200000za#4500
0019.644362
003CaOODSP
00520250506145324
007cr |||||||||||
008150407|1981||||xxc|||||o    f|0| 0 fre|d
040 |aCaOODSP|bfre
043 |an-cn---
0861 |aA53-1725/1981F-PDF
1101 |aCanada.|bAgriculture Canada.
24510|aCulture hors sol de concombres de serre sans grains et successions des cultures / |h[ressource électronique]|c[par] R.M. Adamson et E.F. Maas.
260 |aOttawa - Ontario : |bAgriculture Canada |c1981.
300 |a24p.|bill. en couleur
500 |aPublication historique numérisée par Agriculture et Agroalimentaire Canada.
504 |aBibliographie.
590 |a15-05-Supp|b2015-03-31
69107|aFlore|2gcpds
77508|tSoilless culture of seedless greenhouse cucumbers and sequence cropping / |w(CaOODSP)9.700479
85640|ahttp://publications.gc.ca|qPDF|s1856 Ko|uhttps://publications.gc.ca/collections/collection_2015/aac-aafc/A53-1725-1981-fra.pdf
986 |aPublication 1725/F